Statistics for Countries A-Z by Highest Number of Google Results

Click here to take the quiz!

General Stats

  • This quiz has been taken 868 times
  • The average score is 18 of 24

Answer Stats

Millions of
Google Results
Country% Correct
U2,730United States
96%
F3,260France
94%
C3,140China
92%
O336Oman
91%
Y274Yemen
91%
G1,580Germany
89%
J2,130Japan
89%
Q447Qatar
89%
Z287Zimbabwe
89%
I2,540India
88%
D475Denmark
87%
R846Russia
87%
B1,060Brazil
85%
A1,960Australia
83%
V739Venezuela
79%
H513Honduras
72%
M1,260Mexico
68%
S991Spain
68%
P1,100Portugal
63%
E608Ecuador
51%
N747New Zealand
46%
L467Luxembourg
36%
K1,200Kyrgyzstan
33%
T1,630Togo
16%

Score Distribution

Percentile by Number Answered

Percent of People with Each Score

Your Score History

You have not taken this quiz